000 00485nmm a2200169Ia 4500
008 251105s9999||||xx |||||||||||||||||und||
020 _a9788446043645
041 _aspa
100 _aGuedán Manuel (ed.)
245 0 _aPodemos: una historia colectiva
264 _a[Madrid, España] :
_bAkal,
_c2017
300 _a224 páginas
490 _aPensamiento crítico
650 _aPolitical Science (General)
856 _uhttps://public.digitaliapublishing.com/a/50884
942 _cCF
999 _c83062
_d83062